000 00841nam a2200265 i 4500
001 47642
003 ES-MaACL
005 20250812051527.0
007 t|
008 030328s1987 sp ||||1| spa d
020 _a84-206-7053-7
080 _a7.037/.038
245 0 0 _aConceptos de arte moderno /
_ccompilación de Nikos Stangos ; versión española de Joaquín Sánchez Blanco.
250 _a1ª reimp. en Alianza forma.
260 _aMadrid :
_bAlianza Editorial,
_c1987.
300 _a336 p. :
_bil. ;
_c23 cm.
490 1 _aAlianza forma ;
_v53
504 _aBibliografía: p. 323-328.
650 7 _aArte-
_yS.XX
_2
_9141916
700 1 _aStangos, Nikos.
_9107896
700 1 _aSánchez Blanco, Joaquín.
_9102499
830 1 0 _aAlianza forma
_v53
_9177869
852 4 _aES-MaACL
_jL-13230
999 _c47642
_d47642